| 000 | 00517 a2200193 4500 | ||
|---|---|---|---|
| 001 | 46576 | ||
| 020 | _a8516051021 | ||
| 041 | _apor | ||
| 082 | _aAP Year 1 028 | ||
| 100 | _aWebb, Steve. | ||
| 250 | _a. ed. | ||
| 697 | _aLiteratura infanto Juvenil. | ||
| 856 | _u000002/000002b9.jpg | ||
| 040 |
_aBR-BrIDEA _cBR-BrIDEA |
||
| 090 |
_aAP Year 1 028 _bWEB |
||
| 245 | 1 | 0 |
_aViviana rainha do pijama _bela tem o pijama mais fantástico que já se viu... _c Steve Webb |
| 260 |
_a[S.l.] _bModerna _c2006 |
||
| 942 | _cBK | ||
| 999 |
_c46576 _d46576 |
||